Engineering Thermodynamics work and heat …. (Record no. 6265)

MARC details
000 -LEADER
fixed length control field 00350nam a2200145Ia 4500
003 - CONTROL NUMBER IDENTIFIER
control field OSt
008 - FIXED-LENGTH DATA ELEMENTS--GENERAL INFORMATION
fixed length control field 191201s2019 xx 000 0 und d
082 ## - DEWEY DECIMAL CLASSIFICATION NUMBER
Classification number 621.4021
Item number ROE
100 ## - MAIN ENTRY--PERSONAL NAME
Personal name ROGERS,Gordon
245 #0 - TITLE STATEMENT
Title Engineering Thermodynamics work and heat ….
260 ## - PUBLICATION, DISTRIBUTION, ETC. (IMPRINT)
Place of publication, distribution, etc New Delhi
Name of publisher, distributor, etc Pearson
300 ## - PHYSICAL DESCRIPTION
Extent 711
650 ## - SUBJECT ADDED ENTRY--TOPICAL TERM
Topical term or geographic name as entry element B.Tech(ME)
942 ## - ADDED ENTRY ELEMENTS (KOHA)
Source of classification or shelving scheme Dewey Decimal Classification
Koha item type Text Books
Holdings
Withdrawn status Lost status Source of classification or shelving scheme Damaged status Not for loan Collection code Home library Current library Date acquired Source of acquisition Cost, normal purchase price Bill Number Total Checkouts Full call number Acc. no. / Barcode Date last seen Actual Cost, discounted price Bill Date Koha item type
    Dewey Decimal Classification     B.Tech(ME) PIET C-LIBRARY PIET C-LIBRARY 03/09/2015 KIRTI PRAKASHAN, NEW DELHI 775.00 IN2267   621.4021 ROE 25707 04/12/2019 519.25 24/02/2015 Text Books
    Dewey Decimal Classification     B.Tech(ME) PIET C-LIBRARY PIET C-LIBRARY 03/09/2015 KIRTI PRAKASHAN, NEW DELHI 775.00 IN2267   621.4021 ROE 25708 04/12/2019 519.25 24/02/2015 Text Books
    Dewey Decimal Classification     B.Tech(ME) PIET C-LIBRARY PIET C-LIBRARY 03/09/2015 KIRTI PRAKASHAN, NEW DELHI 775.00 IN2267   621.4021 ROE 25709 04/12/2019 519.25 24/02/2015 Text Books

Design & Developed by: PIET Central Library
R70 Miles Stone Pattikalyana Samalkha Panipat 132102
mail ID :- [email protected], Phone No:- 0180-2569700 Ex.216